000
00287nam a22001337a 4500
008
170308b xxu||||| |||| 00| 0 eng d
020
_a
0683016512
041
_a
eng
080
_2
2ND
_a
611
100
_a
6
101
_a
SHM
245
_a
LYMPHATIC IMAGING
_c
CLOUSE, M.E
942
_2
udc
_c
BK
999
_c
7228
_d
7228